000 00432nam a22001337a 4500
005 20211125132653.0
008 211125b ||||| |||| 00| 0 eng d
040 _cAIMIT LIBRARY
082 _a658.812 DUGS
100 _aDuggal, Sanjeev;Dutta, Rajan.
_eSanjeev,Duggal;Rajan,Dutta
_910851
245 _aHR related aspects of CRM: reward recognition systems.
260 _aNew Delhi
_bExcel Multimedia
942 _2ddc
_cCD
_k658.812 DUGS
999 _c220778
_d220778